Certification of Alabama teachers. (Record no. 22084)

MARC details
000 -LEADER
fixed length control field 01017cam a22002531 4500
001 - CONTROL NUMBER
control field e 48000033
003 - CONTROL NUMBER IDENTIFIER
control field DLC
005 - DATE AND TIME OF LATEST TRANSACTION
control field 20260227111233.0
008 - FIXED-LENGTH DATA ELEMENTS--GENERAL INFORMATION
fixed length control field 771205s1948 alu s000 0 eng c
010 ## - LIBRARY OF CONGRESS CONTROL NUMBER
LC control number e 48000033
035 ## - SYSTEM CONTROL NUMBER
System control number (OCoLC)3463670
040 ## - CATALOGING SOURCE
Original cataloging agency U. S. Office of Education Library
Transcribing agency ABAU
Modifying agency ABAU
-- DLC
042 ## - AUTHENTICATION CODE
Authentication code premarc
050 00 - LIBRARY OF CONGRESS CALL NUMBER
Classification number L116
Item number .B2 1948, no. 3
082 ## - DEWEY DECIMAL CLASSIFICATION NUMBER
Classification number 371.133
110 1# - MAIN ENTRY--CORPORATE NAME
Corporate name or jurisdiction name as entry element Alabama.
Subordinate unit Department of Education.
245 10 - TITLE STATEMENT
Title Certification of Alabama teachers.
Statement of responsibility, etc. Authorized by the State Board of Education.
260 ## - PUBLICATION, DISTRIBUTION, ETC.
Place of publication, distribution, etc. Montgomery
Date of publication, distribution, etc. [1948]
300 ## - PHYSICAL DESCRIPTION
Extent 68 p.
Dimensions 23 cm.
490 1# - SERIES STATEMENT
Series statement Its Bulletin, 1948,
Volume/sequential designation no. 3
501 ## - WITH NOTE
With note With : Better use of textbooks -- Administration and organization of education in-service in Alabama -- General school laws enacted by the Legislature of Alabama. Montgomery, 1948. Bound together subsequent to publication.
Institution to which field applies DLC
650 #0 - SUBJECT ADDED ENTRY--TOPICAL TERM
Topical term or geographic name entry element Teachers
General subdivision Certification
Geographic subdivision Alabama.
810 1# - SERIES ADDED ENTRY--CORPORATE NAME
Corporate name or jurisdiction name as entry element Alabama.
Subordinate unit Department of Education.
Title of a work Bulletin ;
Volume/sequential designation 1948, no. 3.

No items available.

Powered by Koha